Home Print Resources E-Books E-Journals IIMT Lecture Series Library Membership Form Book Recommendation Form Campus Tour Take AdmissionAbout Us Contact Us

CLIENT REATIONSHIP MANAGEMENT (Record no. 2007)

000 -LEADER
fixed length control field 00351nam a2200145Ia 4500
003 - CONTROL NUMBER IDENTIFIER
control field OSt
005 - DATE AND TIME OF LATEST TRANSACTION
control field 20231219093934.0
008 - FIXED-LENGTH DATA ELEMENTS--GENERAL INFORMATION
fixed length control field 170523s9999 xx 000 0 und d
020 ## - INTERNATIONAL STANDARD BOOK NUMBER
International Standard Book Number 9788179922804
040 ## - CATALOGING SOURCE
Transcribing agency IIMT UNIVERSITY MEERUT
100 ## - MAIN ENTRY--PERSONAL NAME
Personal name PO- CHEDLY
245 #0 - TITLE STATEMENT
Title CLIENT REATIONSHIP MANAGEMENT
260 ## - PUBLICATION, DISTRIBUTION, ETC.
Name of publisher, distributor, etc. TATA MC GRAW HILL
942 ## - ADDED ENTRY ELEMENTS (KOHA)
Source of classification or shelving scheme
Koha item type Book Bank
Holdings
Withdrawn status Lost status Source of classification or shelving scheme Damaged status Not for loan Home library Current library Date acquired Barcode Date last seen Uniform Resource Identifier Price effective from Koha item type Public note Total Checkouts Date last checked out
          IIMT University Central Library Meerut IIMT University Central Library Meerut 05/30/2017 01-B-9676 05/30/2017 management 05/30/2017 Book Bank management departmental library books update march 2019    
          IIMT University Central Library Meerut IIMT University Central Library Meerut 05/30/2017 01-B-9677 04/04/2022 management 05/30/2017 Book Bank   2 09/27/2021
          IIMT University Central Library Meerut IIMT University Central Library Meerut 05/30/2017 01-B-9678 05/30/2017 management 05/30/2017 Book Bank      
          IIMT University Central Library Meerut IIMT University Central Library Meerut 05/30/2017 01-B-9679 05/30/2017 management 05/30/2017 Book Bank      
          IIMT University Central Library Meerut IIMT University Central Library Meerut 05/30/2017 01-B-9680 05/30/2017 management 05/30/2017 Book Bank      
IIMT, Central Library. All Rights Reserved IIMT,UNIVERSITY © 2023
Implemented and Customised by I CLOUDE EMS
You Are OPAC Visitor No
free web counter

Powered by Koha